the study on implementation of land use master plan in banlung city ratanakkiri province ការសិក្សារពំពីការអនុវត្តន័តាមប្លង់គោលប្រើប្រាស់ ជីក្នុងក្រុងបានឡុង ខេត្តរតនគីរី (Record no. 18131)

000 -LEADER
fixed length control field 00711nam a22001337a 4500
040 ## - CATALOGING SOURCE
Transcribing agency RUA
082 ## - DEWEY DECIMAL CLASSIFICATION NUMBER
Classification number LMA SEM 2017 b640 Or.1
100 ## - MAIN ENTRY--AUTHOR NAME
Personal name SEM SOVATHDY សែម សុវត្ថិឌី
245 ## - TITLE STATEMENT
Title the study on implementation of land use master plan in banlung city ratanakkiri province ការសិក្សារពំពីការអនុវត្តន័តាមប្លង់គោលប្រើប្រាស់ ជីក្នុងក្រុងបានឡុង ខេត្តរតនគីរី
260 ## - PUBLICATION, DISTRIBUTION, ETC. (IMPRINT)
Place of publication RUA
Name of publisher phnom penh
Year of publication 2017
300 ## - PHYSICAL DESCRIPTION
Number of Pages x;64p
Other physical details ill;
Dimensions 29cm
856 ## - ELECTRONIC LOCATION AND ACCESS
Uniform Resource Identifier https://drive.google.com/file/d/1AiwYPjXPH27F8hheWoKo90hMxHDQ1ZKE/view?usp=sharing
942 ## - ADDED ENTRY ELEMENTS (KOHA)
Koha item type LMA
952 ## - LOCATION AND ITEM INFORMATION (KOHA)
Withdrawn status [LOCAL, KOHA] 0
952 ## - LOCATION AND ITEM INFORMATION (KOHA)
Withdrawn status [LOCAL, KOHA] 0
952 ## - LOCATION AND ITEM INFORMATION (KOHA)
Withdrawn status [LOCAL, KOHA] 0
952 ## - LOCATION AND ITEM INFORMATION (KOHA)
Withdrawn status [LOCAL, KOHA] 0
952 ## - LOCATION AND ITEM INFORMATION (KOHA)
Withdrawn status [LOCAL, KOHA] 0
952 ## - LOCATION AND ITEM INFORMATION (KOHA)
Withdrawn status [LOCAL, KOHA] 0
952 ## - LOCATION AND ITEM INFORMATION (KOHA)
Withdrawn status [LOCAL, KOHA] 0
952 ## - LOCATION AND ITEM INFORMATION (KOHA)
Withdrawn status [LOCAL, KOHA] 0
Holdings
Permanent Location Date acquired Koha item type Lost status Shelving location Barcode Current Location Full call number
Library Block B2019-08-06LMA B640A30967Library Block BLMA SEM 2017 b640 Or.1
Library Block B2019-08-06LMA B640A31042Library Block BLMA SEM 2017 b640 Or.2
Library Block B2019-08-06LMA B640A31037Library Block BLMA SEM 2017 b640 Or.3
Library Block B2019-08-06LMA B640A31112Library Block BLMA SEM 2017 b640 Or.4
Library Block B2019-08-06LMA B640A31187Library Block BLMA SEM 2017 b640 Or.5
Library Block B2019-08-06LMA B640A29673Library Block BLMA SEM 2017 b640 Or.6
Library Block B2019-08-06LMA B640A31352Library Block BLMA SEM 2017 b640 Or.7
Library Block B2019-08-06LMA B640A31748Library Block BLMA SEM 2017 b640 Or.8
មជ្ឈមណ្ឌលឯការនៃសាកលវិទ្យាល័យភូមិន្ទកសិកម្មចំការដូង

Powered by Koha